000 00830nam a2200229 a 4500
001 000046815
005 20201002053133.0
008 180402s2016 dr a 000 0 spa d
020 _a9789945085037
040 _aDO-SdBNP
_bspa
_cBNPHU
082 _axxxx
_bxxxx
100 1 _aGómez Marín, Lorenzo
_d1948-
_974766
245 1 0 _aPatas P'arriba. /
_cLorenzo Gómez Marín ; prólogo Freddy Ortiz ; colaboradores María José Rincón, Delcy Rodríguez.
246 1 0 _aPatas pa´ arriba :
_beste país es una mentira /
260 _aSanto Domingo, :
_bEspiral Comunicaciones,
_c2016.
300 _a175 p. :
_bil. ;
_c23 cm.
590 _aInventariado, 2018/ YL
504 _aBibliografía p: 176
700 1 _aOrtiz, Freddy
_eprol.
_961927
700 1 _aRincón, María José
_ecol.
_974767
700 1 _aRodríguez, Delcy
_ecol.
_96322
999 _c46304
_d46304